| 000 | 00576nam a2200205Ia 4500 | ||
|---|---|---|---|
| 005 | 20250923150102.0 | ||
| 008 | 008 250917s9999 xx 000 0 eng d | ||
| 037 | _aTextual | ||
| 040 |
_aDSWL _beng _cDSWL |
||
| 041 |
_aeng _2eng |
||
| 084 |
_aY15:7:7:2, PO1 _qDSWL |
||
| 100 |
_aSeth, Mira _9842069 |
||
| 245 | 0 |
_aWomen and development : Indian experience _c by Mira Seth |
|
| 260 |
_aNew Delhi _b Sage Publications _c2001 |
||
| 300 | _a283p. | ||
| 365 |
_aINR _b475 |
||
| 925 | _g475 | ||
| 942 |
_cTEXL _hY15:7:7:2, PO1 |
||
| 999 |
_c1459392 _d1459392 |
||